Paul et Virginie
Сохранить в:
| Главный автор: | |
|---|---|
| Формат: | |
| Язык: | Undetermined |
| Опубликовано: |
Francia
CLE International
1998
|
| Предметы: | |
| Метки: |
Добавить метку
Нет меток, Требуется 1-ая метка записи!
|
MARC
| LEADER | 00000nam a2200000Ia 4500 | ||
|---|---|---|---|
| 008 | 170316s9999 xx 000 0 und d | ||
| 040 | |a cru BVZT | ||
| 090 | |a 840 S-5p | ||
| 100 | |a Saint-Pierre, Bernardin De | ||
| 245 | |a Paul et Virginie | ||
| 260 | |a Francia | ||
| 260 | |b CLE International | ||
| 260 | |c 1998 | ||
| 300 | |a 63 páginas | ||
| 650 | |a LITERATURA FRANCESA | ||
| 650 | |a LECTURES CLE EN FRANÇAIS FACILE (LECTURA FÁCIL) | ||
| 999 | |c 8015 |d 8015 | ||
| 942 | |c 15 D |h 840 S-5p |2 z | ||
